[Event "Zonal 2.3"]
[Site "Santo Domingo DOM"]
[Date "2007.05.30"]
[Round "1.2"]
[White "Boada, Winston"]
[Black "Dominguez Perez, Leinier"]
[Result "0-1"]
[WhiteElo "2185"]
[BlackElo "2678"]
[PlyCount "104"]
[EventDate "2007.05.30"]
[EventType "tourn"]
[EventRounds "13"]
[EventCountry "DOM"]
[Source "lmi"]
[SourceDate "2007.05.30"]

1. d4 Nf6 2. c4 g6 3. Nc3 d5 4. e3 Bg7 5. Qb3 e6 6. Nf3 O-O 7. Be2 b6 8. cxd5
exd5 9. O-O Bb7 10. Rd1 Nbd7 11. Bd2 Re8 12. a4 a5 13. Rac1 c6 14. Be1 Bf8 15.
Bf1 Bd6 16. Rc2 Rc8 17. Rdc1 Qe7 18. h3 h5 19. Nb1 Bb4 20. Qd3 Ne4 21. Qd1 Bd6
22. Nbd2 Bb8 23. Bd3 Ndf6 24. Nf1 Bd6 25. Be2 Rc7 26. Bd3 Rd8 27. Be2 Qe6 28.
Rb1 Qe7 29. Rbc1 Ra8 30. Bd3 Qe8 31. Qe2 Nd7 32. N3d2 Ndf6 33. Nf3 Kg7 34. Qd1
Qe6 35. Re2 c5 36. Bb5 Re7 37. b3 Kg8 38. Rec2 Qf5 39. Nh4 Qe6 40. Nf3 g5 41.
N3d2 g4 42. h4 Nxd2 43. Bxd2 cxd4 44. exd4 Ne4 45. g3 Rf8 46. Bc6 Ba6 47. Bb5
Bxb5 48. axb5 Rfe8 49. Rc6 Nxf2 50. Kxf2 Qf5+ 51. Kg1 Re2 52. Be1 Qf3 0-1

[Event "Zonal 2.3"]
[Site "Santo Domingo DOM"]
[Date "2007.05.30"]
[Round "1.3"]
[White "Leon Hoyos, Manuel"]
[Black "Dominguez, Jose Manuel"]
[Result "1-0"]
[WhiteElo "2454"]
[BlackElo "2330"]
[PlyCount "57"]
[EventDate "2007.05.30"]
[EventType "tourn"]
[EventRounds "13"]
[EventCountry "DOM"]
[Source "lmi"]
[SourceDate "2007.05.30"]

1. d4 Nf6 2. c4 d6 3. Nf3 Nbd7 4. g3 e5 5. Bg2 Be7 6. O-O O-O 7. b3 c6 8. Nc3
e4 9. Nd2 d5 10. e3 Re8 11. f3 exf3 12. Qxf3 Bb4 13. Bb2 Nf8 14. e4 dxc4 15.
Qf2 cxb3 16. e5 Ng4 17. Qxf7+ Kh8 18. Nce4 Ne3 19. d5 Nxd5 20. e6 Nxe6 21. Nc4
Bd7 22. Ne5 Re7 23. Qh5 Be8 24. Qf5 Kg8 25. Bh3 Ne3 26. Nf6+ gxf6 27. Qxf6 Rf7
28. Qh8+ Kxh8 29. Nxf7+ 1-0

[Event "Zonal 2.3"]
[Site "Santo Domingo DOM"]
[Date "2007.05.30"]
[Round "1.4"]
[White "Vittorino, Carlo"]
[Black "Mendoza, Rafael"]
[Result "1/2-1/2"]
[WhiteElo "2206"]
[BlackElo "2390"]
[PlyCount "20"]
[EventDate "2007.05.30"]
[EventType "tourn"]
[EventRounds "13"]
[EventCountry "DOM"]
[Source "lmi"]
[SourceDate "2007.05.30"]

1. d4 Nf6 2. c4 e6 3. Nf3 b6 4. e3 Bb4+ 5. Bd2 a5 6. Bd3 Bb7 7. O-O O-O 8. Qe2
Ne4 9. a3 Bxd2 10. Nbxd2 Nxd2 1/2-1/2

[Event "Zonal 2.3"]
[Site "Santo Domingo DOM"]
[Date "2007.05.30"]
[Round "1.5"]
[White "De los Santos, Eddy"]
[Black "Iturrizaga, Eduardo"]
[Result "0-1"]
[WhiteElo "2174"]
[BlackElo "2398"]
[PlyCount "164"]
[EventDate "2007.05.30"]
[EventType "tourn"]
[EventRounds "13"]
[EventCountry "DOM"]
[Source "lmi"]
[SourceDate "2007.05.30"]

1. c4 Nf6 2. Nc3 c5 3. g3 e6 4. Bg2 Nc6 5. Nf3 d5 6. cxd5 Nxd5 7. O-O Be7 8.
Nxd5 exd5 9. d4 O-O 10. dxc5 Bxc5 11. Qc2 Be7 12. Bf4 Be6 13. Rac1 g5 14. Be3
d4 15. Rfd1 dxe3 16. Rxd8 exf2+ 17. Kxf2 Rfxd8 18. a3 Rd5 19. Rd1 Rc5 20. Qe4
g4 21. Nd4 Re5 22. Nxc6 Bc5+ 23. Nd4 Rxe4 24. Bxe4 Rd8 25. e3 a5 26. Ke1 Bc4
27. Bd3 Bxd3 28. Rxd3 h5 29. Ke2 Re8 30. Rd2 Re5 31. Kd3 Kg7 32. Rf2 Kg6 33.
Rf4 b6 34. Re4 Rd5 35. Re8 Bxd4 36. exd4 Rb5 37. Re2 Rf5 38. a4 h4 39. Kc4 hxg3
40. hxg3 Kf6 41. Re4 Rf2 42. b3 Kf5 43. Re7 f6 44. Rb7 Rc2+ 45. Kd5 Rc3 46.
Rxb6 Rxg3 47. Rb5 Rc3 48. Rxa5 g3 49. Ra8 Rxb3 50. Rg8 Kf4 51. Kc4 Ra3 52. Kb4
Ra1 53. a5 f5 54. d5 Kf3 55. d6 Rd1 56. a6 Rxd6 57. a7 Ra6 58. a8=Q+ Rxa8 59.
Rxa8 f4 60. Kc3 Kg2 61. Ra2+ Kh3 62. Kd3 g2 63. Ra8 f3 64. Rh8+ Kg3 65. Rg8+
Kf4 66. Rf8+ Ke5 67. Rxf3 g1=Q 68. Re3+ Kd5 69. Rf3 Qd4+ 70. Ke2 Ke4 71. Rg3
Qb2+ 72. Kd1 Qf2 73. Rb3 Kd4 74. Kc1 Kc4 75. Ra3 Qe1+ 76. Kc2 Qe2+ 77. Kb1 Kb4
78. Ra2 Qd1+ 79. Kb2 Qd5 80. Kb1 Kb3 81. Rb2+ Ka3 82. Rc2 Qd1+ 0-1

[Event "Zonal 2.3"]
[Site "Santo Domingo DOM"]
[Date "2007.05.30"]
[Round "1.6"]
[White "Valdes, Leonardo"]
[Black "Bruzon Batista, Lazaro"]
[Result "0-1"]
[WhiteElo "2401"]
[BlackElo "2620"]
[PlyCount "86"]
[EventDate "2007.05.30"]
[EventType "tourn"]
[EventRounds "13"]
[EventCountry "DOM"]
[Source "lmi"]
[SourceDate "2007.05.30"]

1. Nf3 Nf6 2. c4 e6 3. g3 d5 4. Bg2 dxc4 5. Qc2 a6 6. Ne5 Nd5 7. Nxc4 b5 8. Ne3
Bb7 9. O-O Nb4 10. Qd1 Bxg2 11. Kxg2 c5 12. d3 Be7 13. Bd2 N4c6 14. Nc3 Nd7 15.
Rc1 O-O 16. Kg1 Qb6 17. Ng2 Rfd8 18. Be3 Qb7 19. Qe1 Rac8 20. Nf4 Nf6 21. f3 e5
22. Ng2 Nd4 23. Ne4 Nd5 24. Bd2 f5 25. Nc3 Nf6 26. Kh1 e4 27. fxe4 fxe4 28. Bg5
exd3 29. exd3 Re8 30. Bxf6 Bxf6 31. Qf2 Bg5 32. Ra1 Be3 33. Qe1 Nc2 34. Qd1
Nxa1 35. Ne4 Rcd8 36. Qf3 Qe7 37. Rxa1 Rxd3 38. Nc3 Rf8 39. Qe2 c4 40. Rf1
Rxf1+ 41. Qxf1 Bd4 42. Ne2 Bxb2 43. Nef4 Rd8 0-1

[Event "Zonal 2.3"]
[Site "Santo Domingo DOM"]
[Date "2007.05.31"]
[Round "2.2"]
[White "Bruzon Batista, Lazaro"]
[Black "Farley, Terry"]
[Result "1-0"]
[WhiteElo "2620"]
[BlackElo "2244"]
[PlyCount "85"]
[EventDate "2007.05.30"]
[EventType "tourn"]
[EventRounds "13"]
[EventCountry "DOM"]
[Source "lmi"]
[SourceDate "2007.05.30"]

1. e4 e5 2. Nf3 d6 3. d4 Nd7 4. Nc3 c6 5. Bc4 Be7 6. a4 Ngf6 7. O-O O-O 8. Re1
b6 9. Bg5 Qc7 10. d5 Bb7 11. dxc6 Bxc6 12. Bb5 Rfe8 13. Nh4 h6 14. Bxf6 Nxf6
15. Nf5 Bf8 16. Qf3 g6 17. Nxh6+ Bxh6 18. Qxf6 Bd2 19. Bc4 Bxe1 20. Rxe1 d5 21.
Nxd5 Qd7 22. Nc3 Re6 23. Bxe6 Qxe6 24. Qxe6 fxe6 25. f3 a6 26. Rd1 Kf7 27. Rd6
Rc8 28. Kf2 Ke7 29. Rd2 Be8 30. Ke3 Rc4 31. Rd3 b5 32. axb5 axb5 33. Rd2 Rc8
34. Nd1 b4 35. Nf2 Ba4 36. Nd3 Bxc2 37. Nxe5 g5 38. Rd7+ Ke8 39. Rg7 Rc5 40.
Kd4 Ra5 41. Rg8+ Ke7 42. Nc6+ Kf7 43. Nxa5 1-0

[Event "Zonal 2.3"]
[Site "Santo Domingo DOM"]
[Date "2007.05.31"]
[Round "2.3"]
[White "Iturrizaga, Eduardo"]
[Black "Valdes, Leonardo"]
[Result "0-1"]
[WhiteElo "2398"]
[BlackElo "2401"]
[PlyCount "84"]
[EventDate "2007.05.30"]
[EventType "tourn"]
[EventRounds "13"]
[EventCountry "DOM"]
[Source "lmi"]
[SourceDate "2007.05.30"]

1. e4 d6 2. d4 Nf6 3. Nc3 g6 4. Be3 c6 5. h3 Bg7 6. f4 Qb6 7. Rb1 Na6 8. Nf3
O-O 9. Be2 d5 10. e5 Ne4 11. Nxe4 dxe4 12. Ng5 Nb4 13. Qd2 Bf5 14. g4 f6 15.
Nxh7 Kxh7 16. gxf5 gxf5 17. e6 Nd5 18. Bg4 Bh6 19. Bxf5+ Kh8 20. Bg6 Rg8 21.
Rg1 Qc7 22. Rg4 f5 23. Bxf5 Nxe3 24. Qxe3 Qa5+ 25. Kf2 Qxf5 26. Rbg1 Rxg4 27.
Rxg4 Rg8 28. Kg3 Qxe6 29. Qc3 Kh7 30. Qe3 b5 31. a4 bxa4 32. Qa3 Qf6 33. Qe3
Qf5 34. Qe2 Rg6 35. Qe3 c5 36. c3 cxd4 37. cxd4 Rb6 38. Qc1 Rb3+ 39. Kh2 Qh5
40. Qf1 Rxb2+ 41. Kg3 Rb3+ 42. Kh2 a3 0-1

[Event "Zonal 2.3"]
[Site "Santo Domingo DOM"]
[Date "2007.05.31"]
[Round "2.5"]
[White "Dominguez, Jose Manuel"]
[Black "Vittorino, Carlo"]
[Result "1-0"]
[WhiteElo "2330"]
[BlackElo "2206"]
[PlyCount "63"]
[EventDate "2007.05.30"]
[EventType "tourn"]
[EventRounds "13"]
[EventCountry "DOM"]
[Source "lmi"]
[SourceDate "2007.05.30"]

1. Nf3 c5 2. g3 Nc6 3. Bg2 d5 4. d3 Nf6 5. O-O e6 6. Nbd2 Be7 7. e4 b6 8. Re1
Bb7 9. e5 Nd7 10. Nf1 g5 11. h3 h5 12. N1h2 Rg8 13. g4 Qc7 14. Qe2 Ndxe5 15.
Nxe5 Nxe5 16. gxh5 O-O-O 17. b4 Nc6 18. c3 cxb4 19. Bd2 bxc3 20. Bxc3 Kb8 21.
a4 d4 22. Bd2 Bd6 23. Ng4 Qe7 24. a5 f5 25. axb6 fxg4 26. bxa7+ Ka8 27. hxg4
Ne5 28. Reb1 Bd5 29. Rb5 Bc7 30. Ba5 Rgf8 31. Bxc7 Qxc7 32. Qb2 1-0

[Event "Zonal 2.3"]
[Site "Santo Domingo DOM"]
[Date "2007.06.01"]
[Round "3.3"]
[White "Vittorino, Carlo"]
[Black "Dominguez Perez, Leinier"]
[Result "0-1"]
[WhiteElo "2206"]
[BlackElo "2678"]
[PlyCount "52"]
[EventDate "2007.05.30"]
[EventType "tourn"]
[EventRounds "13"]
[EventCountry "DOM"]
[Source "lmi"]
[SourceDate "2007.05.30"]

1. d4 Nf6 2. c4 g6 3. f3 d5 4. cxd5 Nxd5 5. e4 Nb6 6. Nc3 Bg7 7. Be3 O-O 8. f4
Nc6 9. Nf3 Bg4 10. d5 Na5 11. Bd4 Bxf3 12. gxf3 e5 13. fxe5 Qe7 14. Qd2 c5 15.
Bf2 Bxe5 16. O-O-O Nac4 17. Bxc4 Nxc4 18. Qe2 b5 19. Bg3 Bxc3 20. bxc3 Qf6 21.
e5 Qa6 22. Rd3 b4 23. e6 b3 24. Kb1 Nb2 25. Re3 Qxa2+ 26. Kc1 Nd3+ 0-1

[Event "Zonal 2.3"]
[Site "Santo Domingo DOM"]
[Date "2007.06.01"]
[Round "3.4"]
[White "De los Santos, Eddy"]
[Black "Dominguez, Jose Manuel"]
[Result "0-1"]
[WhiteElo "2174"]
[BlackElo "2330"]
[PlyCount "46"]
[EventDate "2007.05.30"]
[EventType "tourn"]
[EventRounds "13"]
[EventCountry "DOM"]
[Source "lmi"]
[SourceDate "2007.05.30"]

1. c4 Nf6 2. Nc3 d6 3. g3 e5 4. Bg2 Be7 5. b4 O-O 6. Rb1 c6 7. e4 Be6 8. Qe2 d5
9. cxd5 cxd5 10. exd5 Nxd5 11. a3 Nc6 12. Nf3 Nxc3 13. dxc3 Bf5 14. Rb2 Bd3 15.
Qe3 e4 16. Nd2 Bg5 17. Qc5 Re8 18. Nb3 Be7 19. Qe3 Bf6 20. Bd2 Ne5 21. Ra2 Bc4
22. Nc1 Nf3+ 23. Kd1 Bg5 0-1

[Event "Zonal 2.3"]
[Site "Santo Domingo DOM"]
[Date "2007.06.01"]
[Round "3.5"]
[White "Valdes, Leonardo"]
[Black "Mendoza, Rafael"]
[Result "1/2-1/2"]
[WhiteElo "2401"]
[BlackElo "2390"]
[PlyCount "83"]
[EventDate "2007.05.30"]
[EventType "tourn"]
[EventRounds "13"]
[EventCountry "DOM"]
[Source "lmi"]
[SourceDate "2007.05.30"]

1. Nf3 Nf6 2. g3 d5 3. Bg2 c6 4. c4 dxc4 5. Qc2 Bg4 6. Na3 Nbd7 7. Nxc4 e6 8.
O-O Be7 9. d3 O-O 10. Bd2 a5 11. b3 Bb4 12. Bc1 Re8 13. a3 Bf8 14. Bd2 e5 15.
Ne3 Bh5 16. Rfd1 h6 17. Be1 Qc7 18. b4 axb4 19. axb4 Rac8 20. Rac1 Qb8 21. Qb3
Rcd8 22. Rc4 Nb6 23. Rcc1 Nbd5 24. Nc2 Nc7 25. Na3 Ne6 26. Nc2 e4 27. dxe4 Nxe4
28. Rxd8 Rxd8 29. e3 Bxf3 30. Bxf3 Nd2 31. Bxd2 Rxd2 32. Na3 Qd8 33. Nc4 Rd3
34. Qb2 g6 35. Be2 Bg7 36. Qb1 Rd5 37. Na5 Rd2 38. Rc2 Qd5 39. Rxd2 Qxd2 40.
Bf3 c5 41. Bxb7 cxb4 42. Nb3 1/2-1/2

[Event "Zonal 2.3"]
[Site "Santo Domingo DOM"]
[Date "2007.06.01"]
[Round "3.6"]
[White "Farley, Terry"]
[Black "Iturrizaga, Eduardo"]
[Result "0-1"]
[WhiteElo "2244"]
[BlackElo "2398"]
[PlyCount "56"]
[EventDate "2007.05.30"]
[EventType "tourn"]
[EventRounds "13"]
[EventCountry "DOM"]
[Source "lmi"]
[SourceDate "2007.05.30"]

1. e4 c5 2. Nf3 Nc6 3. c4 e6 4. Nc3 Nge7 5. d4 cxd4 6. Nxd4 Nxd4 7. Qxd4 Nc6 8.
Qd3 Bc5 9. Be2 O-O 10. O-O b6 11. a3 a5 12. b3 Ba6 13. Bb2 Bd4 14. Rad1 e5 15.
Bc1 Bxc3 16. Qxc3 Nd4 17. Bd3 a4 18. b4 Rc8 19. Be3 Bxc4 20. Bxc4 Ne2+ 21. Bxe2
Rxc3 22. Bb5 Rxa3 23. Rxd7 Qa8 24. Rd5 Rb3 25. Bd2 a3 26. Bc4 Rb2 27. Bc3 Rc2
28. Rd3 Qxe4 0-1

[Event "Zonal 2.3"]
[Site "Santo Domingo DOM"]
[Date "2007.06.01"]
[Round "3.7"]
[White "Gonzalez, Bernal"]
[Black "Bruzon Batista, Lazaro"]
[Result "1/2-1/2"]
[WhiteElo "2434"]
[BlackElo "2620"]
[PlyCount "39"]
[EventDate "2007.05.30"]
[EventType "tourn"]
[EventRounds "13"]
[EventCountry "DOM"]
[Source "lmi"]
[SourceDate "2007.05.30"]

1. e4 c5 2. Nc3 e6 3. Nge2 a6 4. g3 b5 5. a3 Bb7 6. Bg2 Nf6 7. d3 d5 8. exd5
Nxd5 9. Nxd5 Bxd5 10. Bxd5 Qxd5 11. O-O Nc6 12. c4 bxc4 13. Nf4 Qd7 14. dxc4
Qxd1 15. Rxd1 Na5 16. Bd2 Nxc4 17. Bc3 Nd6 18. Nh5 Nf5 19. g4 Ne7 20. Bxg7
1/2-1/2

[Event "Zonal 2.3"]
[Site "Santo Domingo DOM"]
[Date "2007.06.02"]
[Round "4.3"]
[White "Mendoza, Rafael"]
[Black "Farley, Terry"]
[Result "1-0"]
[WhiteElo "2390"]
[BlackElo "2244"]
[PlyCount "105"]
[EventDate "2007.05.30"]
[EventType "tourn"]
[EventRounds "13"]
[EventCountry "DOM"]
[Source "lmi"]
[SourceDate "2007.05.30"]

1. e4 c5 2. Nf3 d6 3. d4 cxd4 4. Nxd4 Nf6 5. f3 a6 6. c4 Qb6 7. Nc3 Nc6 8. Nc2
e6 9. Rb1 Be7 10. Be3 Qc7 11. Be2 Ne5 12. Nd4 O-O 13. Rc1 b6 14. O-O Bb7 15. b3
Rac8 16. Qe1 Rfe8 17. Qg3 Ned7 18. Na4 Bf8 19. Rfd1 Qb8 20. Kh1 Kh8 21. Bg5 Be7
22. Bf1 Bd8 23. b4 Bc7 24. Qh3 Kg8 25. Nb3 h6 26. Bd2 Qa8 27. c5 b5 28. Nb2 d5
29. exd5 Bxd5 30. Bc3 e5 31. Bd3 Rcd8 32. Bf5 Nf8 33. Nd3 N8h7 34. Bxh7+ Nxh7
35. Qg3 Qb8 36. f4 f6 37. fxe5 Ng5 38. Re1 Ne4 39. Qg6 f5 40. Rxe4 Bxe4 41. e6
Re7 42. Bf6 Rde8 43. Nd4 Qd8 44. Bxe7 Qxe7 45. Nxf5 Bxf5 46. Qxf5 Qxe6 47.
Qxe6+ Rxe6 48. g3 Re2 49. Nf4 Re5 50. Rd1 Re4 51. Nd5 Bd8 52. c6 Rc4 53. Ne3
1-0

[Event "Zonal 2.3"]
[Site "Santo Domingo DOM"]
[Date "2007.06.02"]
[Round "4.4"]
[White "Dominguez, Jose Manuel"]
[Black "Valdes, Leonardo"]
[Result "0-1"]
[WhiteElo "2330"]
[BlackElo "2401"]
[PlyCount "72"]
[EventDate "2007.05.30"]
[EventType "tourn"]
[EventRounds "13"]
[EventCountry "DOM"]
[Source "lmi"]
[SourceDate "2007.05.30"]

1. Nf3 Nf6 2. d4 g6 3. Bf4 Bg7 4. h3 d6 5. Nbd2 O-O 6. e4 Nc6 7. d5 e5 8. Be3
Ne7 9. g4 Ne8 10. Rg1 c6 11. c4 Bd7 12. Bd3 Kh8 13. h4 Qc8 14. Nh2 f5 15. Bg5
Ng8 16. h5 fxe4 17. Nxe4 gxh5 18. gxh5 h6 19. Be3 Bf5 20. Nf3 Qd8 21. Qb3 Qe7
22. O-O-O a5 23. dxc6 bxc6 24. Bc2 a4 25. Qa3 Rd8 26. Qxa4 Rc8 27. Qb4 Rd8 28.
Rg3 Rf7 29. Rdg1 Nc7 30. Nxd6 Rxd6 31. Bxf5 Rd1+ 32. Rxd1 Qxb4 33. Nh4 Qxc4+
34. Bc2 Qxh4 35. Rg6 Nd5 36. Bc5 Qc4 0-1

[Event "Zonal 2.3"]
[Site "Santo Domingo DOM"]
[Date "2007.06.02"]
[Round "4.6"]
[White "Gonzalez Zamora, Juan C"]
[Black "Vittorino, Carlo"]
[Result "1-0"]
[WhiteElo "2537"]
[BlackElo "2206"]
[PlyCount "47"]
[EventDate "2007.05.30"]
[EventType "tourn"]
[EventRounds "13"]
[EventCountry "DOM"]
[Source "lmi"]
[SourceDate "2007.05.30"]

1. d4 d5 2. Nf3 Nf6 3. c4 e6 4. e3 c5 5. Nc3 Nc6 6. a3 a6 7. dxc5 Bxc5 8. b4
Ba7 9. cxd5 exd5 10. Ne2 Bg4 11. Bb2 O-O 12. Ned4 Bxd4 13. Bxd4 Nxd4 14. Qxd4
Bxf3 15. gxf3 Re8 16. Bd3 Qc7 17. Kd2 a5 18. Rag1 Qd6 19. Bxh7+ Kh8 20. Bd3 g6
21. h4 Rg8 22. Rg5 Rg7 23. h5 gxh5 24. Rgxh5+ 1-0

[Event "Zonal 2.3"]
[Site "Santo Domingo DOM"]
[Date "2007.06.02"]
[Round "4.7"]
[White "Boada, Winston"]
[Black "Leon Hoyos, Manuel"]
[Result "0-1"]
[WhiteElo "2185"]
[BlackElo "2454"]
[PlyCount "90"]
[EventDate "2007.05.30"]
[EventType "tourn"]
[EventRounds "13"]
[EventCountry "DOM"]
[Source "lmi"]
[SourceDate "2007.05.30"]

1. d4 Nf6 2. c4 c5 3. d5 e6 4. Nc3 exd5 5. cxd5 d6 6. e4 g6 7. Be2 Bg7 8. Nf3
a6 9. a4 Bg4 10. h3 Bxf3 11. Bxf3 Nbd7 12. O-O O-O 13. Bg5 h6 14. Be3 Re8 15.
Qd2 Kh7 16. a5 Rc8 17. Ra4 Qe7 18. Be2 Qf8 19. Bd3 c4 20. Bb1 Qe7 21. Qe2 Qd8
22. g4 Kg8 23. f4 Nh7 24. Qf2 Qe7 25. Rd1 g5 26. f5 Bxc3 27. bxc3 Nhf6 28. Rd4
Ne5 29. Qg2 Rc5 30. Rd1 Rb5 31. Bc2 Rb2 32. Rd2 Qc7 33. Bd4 Nfd7 34. Ra1 f6 35.
Kh1 Nc5 36. Re2 Rb5 37. h4 Rxa5 38. Rxa5 Qxa5 39. hxg5 Qa1+ 40. Bg1 hxg5 41.
Qh3 Nf7 42. Qh5 Qxc3 43. e5 Qf3+ 44. Rg2 Rxe5 45. Bxc5 dxc5 0-1

[Event "Zonal 2.3"]
[Site "Santo Domingo DOM"]
[Date "2007.06.03"]
[Round "5.2"]
[White "Vittorino, Carlo"]
[Black "Boada, Winston"]
[Result "1/2-1/2"]
[WhiteElo "2206"]
[BlackElo "2185"]
[PlyCount "54"]
[EventDate "2007.05.30"]
[EventType "tourn"]
[EventRounds "13"]
[EventCountry "DOM"]
[Source "lmi"]
[SourceDate "2007.05.30"]

1. e4 g6 2. d4 Bg7 3. Be3 d6 4. c4 Nf6 5. f3 O-O 6. Nc3 e5 7. Nge2 exd4 8. Nxd4
Nc6 9. Be2 Re8 10. Qd2 Nh5 11. O-O Nxd4 12. Bxd4 Nf4 13. Be3 Nxe2+ 14. Nxe2 Be6
15. Rac1 f5 16. Ng3 Qf6 17. b3 b6 18. Rfe1 Rf8 19. exf5 Bxf5 20. Qd5+ Be6 21.
Qc6 Qf7 22. Bg5 h6 23. Bd2 Rae8 24. Re4 Qd7 25. Qxd7 Bxd7 26. Bc3 Bxc3 27. Rxc3
Bc6 1/2-1/2

[Event "Zonal 2.3"]
[Site "Santo Domingo DOM"]
[Date "2007.06.03"]
[Round "5.3"]
[White "De los Santos, Eddy"]
[Black "Gonzalez Zamora, Juan C"]
[Result "0-1"]
[WhiteElo "2174"]
[BlackElo "2537"]
[PlyCount "68"]
[EventDate "2007.05.30"]
[EventType "tourn"]
[EventRounds "13"]
[EventCountry "DOM"]
[Source "lmi"]
[SourceDate "2007.05.30"]

1. c4 c5 2. Nc3 Nc6 3. g3 g6 4. Bg2 Bg7 5. d3 d6 6. Bd2 e5 7. e4 Nge7 8. Nge2
a6 9. a3 Rb8 10. Rb1 a5 11. O-O O-O 12. Qc1 Be6 13. Bg5 f6 14. Bd2 Qd7 15. Nb5
f5 16. f3 b6 17. b4 axb4 18. axb4 Ra8 19. Qc2 Ra6 20. bxc5 dxc5 21. Ra1 Rxa1
22. Rxa1 Rd8 23. Ra3 fxe4 24. fxe4 Bg4 25. Bg5 h6 26. Bxe7 Qxe7 27. h3 Nb4 28.
Qd2 Be6 29. Rc3 Qd7 30. Kh2 Kh7 31. Nc1 Bf6 32. Bf1 Bg5 33. Qe1 Rf8 34. Ra3 Nc2
0-1

[Event "Zonal 2.3"]
[Site "Santo Domingo DOM"]
[Date "2007.06.03"]
[Round "5.5"]
[White "Farley, Terry"]
[Black "Dominguez, Jose Manuel"]
[Result "1-0"]
[WhiteElo "2244"]
[BlackElo "2330"]
[PlyCount "92"]
[EventDate "2007.05.30"]
[EventType "tourn"]
[EventRounds "13"]
[EventCountry "DOM"]
[Source "lmi"]
[SourceDate "2007.05.30"]

1. e4 e5 2. Nf3 Nc6 3. Bb5 g6 4. c3 d6 5. d4 Bd7 6. Qb3 Na5 7. Qa4 c6 8. Be2 b5
9. Qc2 Bg7 10. O-O Ne7 11. dxe5 dxe5 12. Rd1 Qc7 13. Be3 Be6 14. Nbd2 O-O 15.
a4 a6 16. b4 Nb7 17. c4 bxa4 18. c5 f5 19. Ng5 Bd7 20. Bc4+ Kh8 21. f3 Nd8 22.
Rxa4 h6 23. Nh3 Qc8 24. Bf1 fxe4 25. fxe4 Bxh3 26. gxh3 g5 27. Nc4 Qe6 28. Nd6
Qg6 29. Nf5 Nxf5 30. exf5 Qh5 31. Rd6 Qf3 32. Ra3 Qh5 33. Qe4 Ra7 34. Bd3 Qxh3
35. b5 cxb5 36. Raxa6 Rxa6 37. Rxa6 Bf6 38. c6 Rf7 39. c7 Rxc7 40. Rxf6 Rd7 41.
Rf8+ Kg7 42. Rxd8 Rxd8 43. Qxe5+ Kg8 44. Qe6+ Kh8 45. Qf6+ Kh7 46. Qe7+ Kg8 1-0

[Event "Zonal 2.3"]
[Site "Santo Domingo DOM"]
[Date "2007.06.03"]
[Round "5.6"]
[White "Gonzalez, Bernal"]
[Black "Mendoza, Rafael"]
[Result "1/2-1/2"]
[WhiteElo "2434"]
[BlackElo "2390"]
[PlyCount "63"]
[EventDate "2007.05.30"]
[EventType "tourn"]
[EventRounds "13"]
[EventCountry "DOM"]
[Source "lmi"]
[SourceDate "2007.05.30"]

1. e4 e5 2. Nf3 Nc6 3. d4 exd4 4. Nxd4 Bc5 5. Be3 Qf6 6. c3 Nge7 7. Bc4 O-O 8.
O-O Bb6 9. Na3 Nxd4 10. Bxd4 Bxd4 11. Qxd4 Qxd4 12. cxd4 c6 13. Rfe1 d6 14. f4
b5 15. Bd3 Bd7 16. d5 a6 17. dxc6 Bxc6 18. Nc2 Rac8 19. Nd4 Rfd8 20. Kf2 Bd7
21. Rec1 Kf8 22. Ke3 h6 23. b4 f5 24. a4 fxe4 25. Kxe4 Nc6 26. Nxc6 Bxc6+ 27.
Kd4 Bxg2 28. Rxc8 Rxc8 29. axb5 axb5 30. Ra5 Kf7 31. Ke3 Re8+ 32. Kd4 1/2-1/2

[Event "Zonal 2.3"]
[Site "Santo Domingo DOM"]
[Date "2007.06.03"]
[Round "5.7"]
[White "Bruzon Batista, Lazaro"]
[Black "Iturrizaga, Eduardo"]
[Result "1/2-1/2"]
[WhiteElo "2620"]
[BlackElo "2398"]
[PlyCount "78"]
[EventDate "2007.05.30"]
[EventType "tourn"]
[EventRounds "13"]
[EventCountry "DOM"]
[Source "lmi"]
[SourceDate "2007.05.30"]

1. e4 c5 2. Nf3 Nc6 3. d4 cxd4 4. Nxd4 g6 5. c4 Nf6 6. Nc3 d6 7. Be2 Nxd4 8.
Qxd4 Bg7 9. Be3 O-O 10. Qd2 Be6 11. Rc1 Qa5 12. f3 Rfc8 13. b3 a6 14. Na4 Qxd2+
15. Kxd2 Nd7 16. g4 f5 17. exf5 gxf5 18. h3 Rf8 19. f4 Rad8 20. Nc3 d5 21. cxd5
Nf6 22. Bb6 Nxd5 23. Bxd8 Rxd8 24. Nxd5 Bxd5 25. Ke3 Bxh1 26. Rxh1 Bd4+ 27. Kf3
Kg7 28. Bc4 fxg4+ 29. hxg4 h6 30. Rh5 Rd6 31. Ke4 b5 32. Bd5 Bf6 33. Kf3 Bc3
34. Bb7 Rf6 35. Rd5 Bb4 36. Ke4 Re6+ 37. Kf3 Rf6 38. Bc8 Rc6 39. Bb7 Rf6
1/2-1/2

[Event "Zonal 2.3"]
[Site "Santo Domingo DOM"]
[Date "2007.06.04"]
[Round "6.2"]
[White "Mendoza, Rafael"]
[Black "Bruzon Batista, Lazaro"]
[Result "0-1"]
[WhiteElo "2390"]
[BlackElo "2620"]
[PlyCount "86"]
[EventDate "2007.05.30"]
[EventType "tourn"]
[EventRounds "13"]
[EventCountry "DOM"]
[Source "lmi"]
[SourceDate "2007.05.30"]

1. e4 e5 2. Nf3 Nc6 3. Bb5 Nf6 4. Bxc6 dxc6 5. d3 Bc5 6. Qe2 Qe7 7. Nbd2 Bg4 8.
h3 Bh5 9. Nc4 Nd7 10. g4 Bg6 11. Be3 O-O-O 12. O-O-O Rhe8 13. Bxc5 Qxc5 14. Qe3
f6 15. Qxc5 Nxc5 16. a3 Ne6 17. Nh4 Bf7 18. Nf5 h5 19. f3 Rh8 20. Nce3 Rh7 21.
h4 Rdh8 22. g5 fxg5 23. Nc4 g6 24. Nfe3 gxh4 25. Nxe5 g5 26. Rdg1 Be8 27. d4
Rf8 28. c3 b6 29. Kd2 Rh6 30. d5 cxd5 31. exd5 Nf4 32. Rxg5 h3 33. c4 Rhf6 34.
Rh2 a5 35. b4 axb4 36. axb4 b5 37. cxb5 Bxb5 38. N3c4 Ra6 39. Kc3 Ra1 40. d6
Bxc4 41. Nxc4 Rc1+ 42. Kb3 Ne6 43. d7+ Kd8 0-1

[Event "Zonal 2.3"]
[Site "Santo Domingo DOM"]
[Date "2007.06.04"]
[Round "6.3"]
[White "Dominguez, Jose Manuel"]
[Black "Gonzalez, Bernal"]
[Result "0-1"]
[WhiteElo "2330"]
[BlackElo "2434"]
[PlyCount "98"]
[EventDate "2007.05.30"]
[EventType "tourn"]
[EventRounds "13"]
[EventCountry "DOM"]
[Source "lmi"]
[SourceDate "2007.05.30"]

1. Nf3 g6 2. h4 Nf6 3. b4 d6 4. Bb2 e5 5. c4 Bg7 6. d4 e4 7. Ng5 h6 8. Nh3 e3
9. Qd3 Ng4 10. Qe4+ Kf8 11. f3 Qxh4+ 12. Kd1 Qxh3 13. gxh3 Nf2+ 14. Kc1 Nxe4
15. fxe4 Nc6 16. d5 Nxb4 17. Rg1 Bd7 18. Rg3 Re8 19. Rxe3 Na6 20. Nd2 Nc5 21.
Rb1 b6 22. Bg2 f5 23. Kd1 fxe4 24. Ra3 a5 25. Rg3 Bxb2 26. Rxb2 Kg7 27. Nf1 h5
28. Kd2 Rhf8 29. Rb1 Rf2 30. Ke3 Ref8 31. h4 R2f4 32. Nd2 Rxh4 33. Rg1 Bf5 34.
Nb3 Nxb3 35. axb3 Kf6 36. Bf1 Rg8 37. Kd4 g5 38. e3 Rh2 39. R3g2 Rxg2 40. Bxg2
Re8 41. Rf1 g4 42. Rh1 Kg5 43. Kc3 h4 44. Rg1 Rh8 45. Kd4 h3 46. Bxe4 Bxe4 47.
Kxe4 h2 48. Rh1 Re8+ 49. Kd3 g3 0-1

[Event "Zonal 2.3"]
[Site "Santo Domingo DOM"]
[Date "2007.06.04"]
[Round "6.4"]
[White "Dominguez Perez, Leinier"]
[Black "Farley, Terry"]
[Result "1-0"]
[WhiteElo "2678"]
[BlackElo "2244"]
[PlyCount "65"]
[EventDate "2007.05.30"]
[EventType "tourn"]
[EventRounds "13"]
[EventCountry "DOM"]
[Source "lmi"]
[SourceDate "2007.05.30"]

1. e4 c5 2. Nf3 d6 3. d4 cxd4 4. Nxd4 Nf6 5. Nc3 a6 6. Be3 e5 7. Nb3 Be6 8. f3
Nbd7 9. Qd2 b5 10. O-O-O Rc8 11. g4 Nb6 12. g5 Nh5 13. Na5 Qc7 14. Kb1 Be7 15.
Nd5 Nxd5 16. exd5 Bd7 17. c4 O-O 18. cxb5 axb5 19. Bd3 Qb8 20. Rc1 Qa8 21. a3
Nf4 22. Bxf4 exf4 23. h4 Rc5 24. Be4 f5 25. Bc2 Kh8 26. Bb3 Bd8 27. Nc6 Bxc6
28. dxc6 Qxc6 29. Qxf4 Bb6 30. h5 Rc8 31. Rce1 Re8 32. h6 gxh6 33. g6 1-0